000 01220cad a22002415a 4500
001 E151178
008 100701s2010 xxk f s000 0 eng d
020 _a9781406167863
035 _a(Sirsi) u151178
041 0 _aeng
110 2 _aScotland
_bScottish Government
_95344
245 0 0 _aPrivate Rented Housing (Scotland) Bill
_b(as introduced)
_h[electronic resource]
260 _a[Edinburgh]
_bScottish Parliamentary Corporate Body
_c2010
490 0 _aSP Bill
_v(54)
520 _aA Bill introduced on 4 October 2010 which seeks to strengthen the regulation of the private rented sector. This includes changes to the systems for registration of private landlords and licensing of houses in multiple occupation. The Bill also includes provisions to deal with problems caused by overcrowding in the private rented sector and to improve the working of the private sector tenancy regime.
521 _aAdvanced
590 _aKA
650 2 4 _aPRIVATE RENTED HOUSING (SCOTLAND) BILL 2010
651 4 _aScotland
_y1999-
690 _aLandlord and tenant
_96252
856 4 0 _uhttps://www.scottish.parliament.uk/s3/bills/54-prHousing/index.htm
_zView the Bill free of charge at www.scottish.parliament.uk
942 _n0
999 _c111209
_d111209